[Event "Mondiale Lampo FIDE 2017"]
[Site "Riyadh"]
[Date "30.12.2017"]
[Round "17.69"]
[White "Al Saidi, Mohammed Khalfan"]
[Black "Al-Hajiri, Bader"]
[Result "0-1"]
[BlackTitle "FM"]
[WhiteElo "1468"]
[BlackElo "2165"]
[WhiteFideId "22001271"]
[BlackFideId "10300163"]
[EventDate "2017.12.29"]

1. d4 d5 2. c4 e6 3. Nc3 Nf6 4. Bg5 dxc4 5. e3 c5 6. Bxc4 cxd4 7. exd4 Be7 8.
Nf3 O-O 9. O-O a6 10. Qd3 Nc6 11. a3 b5 12. Ba2 Bb7 13. Rad1 Rc8 14. Bb1 g6 15.
Qe3 Na5 16. Ne5 Nd5 17. Bxe7 Nxe3 18. fxe3 Qxe7 19. Be4 Rxc3 20. Bxb7 Rxe3 21.
Bxa6 Rb3 22. Bxb5 Rxb5 23. b4 Nb7 24. Rc1 Kg7 25. Rc3 f6 26. Nd3 Rd8 27. Rf4
Rbd5 28. Nc5 Rxd4 29. Rxd4 Rxd4 30. Re3 Nxc5 0-1

[Event "Mondiale Lampo FIDE 2017"]
[Site "Riyadh"]
[Date "30.12.2017"]
[Round "18.4"]
[White "Aronian, Levon"]
[Black "Korobov, Anton"]
[Result "1/2-1/2"]
[WhiteTitle "GM"]
[BlackTitle "GM"]
[WhiteElo "2805"]
[BlackElo "2652"]
[WhiteFideId "13300474"]
[BlackFideId "14105730"]
[EventDate "2017.12.29"]

1. d4 Nf6 2. c4 e6 3. Nf3 b6 4. g3 Bb7 5. Bg2 Be7 6. O-O O-O 7. Nc3 Ne4 8. Bd2
d5 9. cxd5 exd5 10. Rc1 Nd7 11. Bf4 Nxc3 12. Rxc3 c5 13. dxc5 bxc5 14. Rc1 Nf6
15. Bg5 Qb6 16. Qc2 Rfe8 17. Nd2 h6 18. Bxf6 Bxf6 19. e4 dxe4 20. Bxe4 Rad8 21.
Bxb7 Qxb7 22. Nb3 Bd4 23. Nxc5 Bxc5 24. Qxc5 Qxb2 25. Qxa7 1/2-1/2

[Event "Mondiale Lampo FIDE 2017"]
[Site "Riyadh"]
[Date "30.12.2017"]
[Round "18.5"]
[White "Yu, Yangyi"]
[Black "Nepomniachtchi, Ian"]
[Result "1-0"]
[WhiteTitle "GM"]
[BlackTitle "GM"]
[WhiteElo "2751"]
[BlackElo "2729"]
[WhiteFideId "8603820"]
[BlackFideId "4168119"]
[EventDate "2017.12.29"]

1. e4 c5 2. Nf3 d6 3. d4 cxd4 4. Nxd4 Nf6 5. Nc3 a6 6. Be3 Ng4 7. Bc1 Nf6 8. f3
e5 9. Nb3 Be6 10. Be3 Nc6 11. Qd2 d5 12. exd5 Nxd5 13. Nxd5 Qxd5 14. Qxd5 Bxd5
15. O-O-O O-O-O 16. Be2 Be7 17. Rd2 Be6 18. Rhd1 Rxd2 19. Rxd2 Rd8 20. Rxd8+
Bxd8 21. Nc5 Bf5 22. Bc4 Bg6 23. c3 Bb6 24. Kd2 Ne7 25. b4 Nf5 26. Bf2 Nd6 27.
Bd5 Bd8 28. a4 a5 29. Ne4 Nxe4+ 30. Bxe4 f5 31. Bd5 Bg5+ 32. Ke2 axb4 33. cxb4
Be7 34. b5 Bb4 35. Bb6 Be8 36. Kd3 Bg6 37. a5 e4+ 38. Kc4 Bd6 39. a6 bxa6 40.
bxa6 Bb8 41. Be6# 1-0

[Event "Mondiale Lampo FIDE 2017"]
[Site "Riyadh"]
[Date "30.12.2017"]
[Round "18.6"]
[White "Artemiev, Vladislav"]
[Black "Bortnyk, Olexandr"]
[Result "1-0"]
[WhiteTitle "GM"]
[BlackTitle "GM"]
[WhiteElo "2691"]
[BlackElo "2610"]
[WhiteFideId "24101605"]
[BlackFideId "14120828"]
[EventDate "2017.12.29"]

1. e4 Nf6 2. d3 d5 3. Nd2 c5 4. g3 dxe4 5. dxe4 Nc6 6. Bg2 g6 7. Ngf3 Bg7 8. O-O
O-O 9. Qe2 e5 10. c3 Qc7 11. Nc4 Be6 12. Ng5 Bg4 13. Qc2 h6 14. h3 Bd7 15. Nf3
Be6 16. Ne3 Rad8 17. Nh2 b5 18. a4 a6 19. axb5 axb5 20. Nhg4 Nxg4 21. hxg4 Ne7
22. Qe2 c4 23. f4 Bc8 24. f5 Bf6 25. Nc2 Kg7 26. Nb4 Bb7 27. Be3 Ra8 28. Rad1 g5
29. Qf2 Nc8 30. Bf3 Rd8 31. Kh2 Nd6 32. Bb6 Qe7 33. Bxd8 Rxd8 34. Qc5 h5 35.
gxh5 g4 36. Bg2 Rh8 37. Qxd6 Rxh5+ 38. Kg1 Qe8 39. Qc7 Qa8 40. Ra1 Qh8 41. Qxb7
Bg5 42. f6+ Kg6 43. Nd5 Qh6 44. Rae1 Rh2 45. Rf2 b4 46. Qc8 Kh7 47. Qe8 Qh5 48.
Ne7 Bxf6 49. Qg8+ 1-0

[Event "Mondiale Lampo FIDE 2017"]
[Site "Riyadh"]
[Date "30.12.2017"]
[Round "18.9"]
[White "Leko, Peter"]
[Black "Li, Chao b"]
[Result "0-1"]
[WhiteTitle "GM"]
[BlackTitle "GM"]
[WhiteElo "2691"]
[BlackElo "2732"]
[WhiteFideId "703303"]
[BlackFideId "8604436"]
[EventDate "2017.12.29"]

1. e4 e5 2. Bc4 Nf6 3. d3 c6 4. Nf3 d5 5. Bb3 a5 6. a4 Bb4+ 7. c3 Bd6 8. Nbd2
O-O 9. O-O Nbd7 10. Re1 Re8 11. h3 h6 12. Nf1 Nf8 13. Ng3 Ng6 14. Be3 Be6 15.
Bc2 Bc7 16. Qd2 Qd7 17. Rad1 Rad8 18. Qc1 Qc8 19. Bb1 b6 20. Bc2 c5 21. Bb1 Bb8
22. c4 d4 23. Bd2 Nf4 24. Bxf4 exf4 25. Nf1 g5 26. Qd2 Bxh3 27. gxh3 Qxh3 28.
N1h2 g4 29. Qe2 gxf3 30. Qxf3 Qh4 31. Kh1 Re5 32. Rg1+ Rg5 33. Rg2 Be5 34. Rdg1
Kh7 35. Bc2 Rdg8 36. Bd1 R8g7 37. b3 Bd6 38. Be2 Nd7 39. Rxg5 Rxg5 40. Rxg5 hxg5
41. Qh5+ Qxh5 42. Bxh5 Ne5 43. Be2 g4 44. f3 g3 45. Ng4 Nd7 46. Bf1 Kg6 47. Kg1
Nb8 48. Kg2 Nc6 49. Be2 f5 50. exf5+ Kxf5 51. Kf1 Bf8 52. Ke1 Nd8 53. Bf1 Nf7
54. Ke2 Nh8 55. Bh3 Kg5 56. Kf1 Bg7 57. Bg2 Ng6 58. Kg1 Nh4 59. Kf1 Nf5 60. Ke2
Nh4 61. Kf1 Nf5 62. Ke2 Ne3 63. Nxe3 dxe3 64. Bh3 Kf6 65. d4 cxd4 66. Kd3 Ke5
67. c5 bxc5 68. Bf1 Kd5 69. Bh3 c4+ 70. bxc4+ Kc5 71. Bf1 Be5 72. Bh3 Kb4 0-1

[Event "Mondiale Lampo FIDE 2017"]
[Site "Riyadh"]
[Date "30.12.2017"]
[Round "18.10"]
[White "Mamedov, Rauf"]
[Black "Rapport, Richard"]
[Result "0-1"]
[WhiteTitle "GM"]
[BlackTitle "GM"]
[WhiteElo "2709"]
[BlackElo "2707"]
[WhiteFideId "13401653"]
[BlackFideId "738590"]
[EventDate "2017.12.29"]

1. e4 c5 2. Nf3 e6 3. c3 d5 4. exd5 exd5 5. d4 Nc6 6. Bb5 Bd6 7. dxc5 Bxc5 8.
O-O Nf6 9. Nbd2 O-O 10. Nb3 Bb6 11. Nfd4 Qd6 12. Re1 Bg4 13. Qd3 a6 14. Bxc6
bxc6 15. Qg3 Qxg3 16. hxg3 c5 17. Nc6 a5 18. Be3 Kh8 19. Ne5 Rac8 20. Nd3 d4 21.
Bg5 c4 22. Ne5 cxb3 23. Bxf6 Be6 24. Be7 Rfe8 25. Ba3 dxc3 26. axb3 cxb2 27.
Bxb2 Rc2 28. Nd3 Rd8 29. Rad1 Rxd3 30. Rxd3 Rxb2 31. Rd6 Bxf2+ 32. Kh2 h6 33.
Rf1 Bc5 34. Rc6 Bb4 35. g4 Rxb3 36. g5 hxg5 37. Rh1 Kh7 38. Rb6 a4 39. g4 Kg6
40. Rd1 Bc3 41. Ra6 a3 42. Kg2 Bf6 43. Rd2 Bb2 44. Re2 Bf6 45. Ra4 Rb2 46. Rxb2
Bxb2 0-1

[Event "Mondiale Lampo FIDE 2017"]
[Site "Riyadh"]
[Date "30.12.2017"]
[Round "18.11"]
[White "Onischuk, Vladimir"]
[Black "Grischuk, Alexander"]
[Result "0-1"]
[WhiteTitle "GM"]
[BlackTitle "GM"]
[WhiteElo "2637"]
[BlackElo "2772"]
[WhiteFideId "14114038"]
[BlackFideId "4126025"]
[EventDate "2017.12.29"]

1. e4 e5 2. Nf3 Nc6 3. Bc4 Bc5 4. d3 Nf6 5. O-O d6 6. c3 a6 7. Bb3 Ba7 8. Nbd2
O-O 9. h3 h6 10. Re1 Re8 11. Nf1 Be6 12. Bc2 d5 13. exd5 Bxd5 14. Ng3 Qd6 15.
Nh4 Ne7 16. Qe2 Qd7 17. Ne4 Qe6 18. a4 Rad8 19. a5 g5 20. Nf3 Nxe4 21. Be3 Nc5
22. b4 Bxf3 23. Qxf3 Nxd3 24. Bxa7 Nxe1 25. Rxe1 Nd5 26. h4 g4 27. Qe4 f5 28.
Qxf5 Qxf5 29. Bxf5 Nf6 30. Be3 Kg7 31. Kh2 Rd6 32. f3 gxf3 33. gxf3 Rg8 34. Bc2
h5 35. Rg1+ Kf8 36. Bh6+ Kf7 37. Bb3+ Nd5 38. Rd1 c6 39. Bg5 Re6 40. c4 Nxb4 41.
Rd7+ Kf8 42. c5 Nd5 43. Rxb7 e4 44. fxe4 Rxe4 45. Bxd5 cxd5 46. c6 Rc4 47. c7 d4
48. Kg3 d3 49. Kf2 Rc2+ 50. Ke3 d2 51. Ke2 Ke8 52. Kd1 Rc5 53. Rb8+ Kf7 54. Rb7
Ke6 55. Kxd2 Kd7 56. Bf4 Rg4 57. Bg5 Rxc7 58. Rb6 Rc6 59. Rb7+ Ke6 60. Rh7 Rd4+
61. Ke3 Ra4 62. Rxh5 Rc3+ 63. Kd2 Rh3 64. Kc2 Ra2+ 65. Kb1 Re2 66. Bc1 Rh1 67.
Rc5 Kd6 68. Rc4 Kd5 69. Rc8 Rxh4 70. Rd8+ Kc6 71. Rb8 Kd5 72. Rb6 Rh1 73. Rb8
Kd4 74. Rc8 Kd3 75. Rc6 Re4 76. Ka2 Rc4 77. Rd6+ Rd4 78. Rc6 Rc4 79. Rd6+ Kc3
80. Bb2+ Kc2 81. Ba3 Rh3 82. Rb6 Ra4 83. Rb2+ Kd1 84. Rb1+ Ke2 85. Rb2+ Kf1 86.
Rb1+ Kg2 87. Rb2+ Kf3 88. Kb3 Rxa5 89. Bb4 Rb5 90. Rc2 Rh4 91. Rc3+ Ke2 92. Rc2+
Kd1 93. Rc4 Rxc4 94. Kxc4 Kc2 95. Bc3 Rb8 96. Be1 Kb2 97. Bb4 Rb7 98. Ba5 Ka3
99. Be1 Rc7+ 100. Kd3 Kb3 101. Ba5 Rc5 102. Kd4 0-1

[Event "Mondiale Lampo FIDE 2017"]
[Site "Riyadh"]
[Date "30.12.2017"]
[Round "18.12"]
[White "Dreev, Aleksey"]
[Black "Melkumyan, Hrant"]
[Result "1/2-1/2"]
[WhiteTitle "GM"]
[BlackTitle "GM"]
[WhiteElo "2653"]
[BlackElo "2633"]
[WhiteFideId "4100107"]
[BlackFideId "13302485"]
[EventDate "2017.12.29"]

1. d4 d5 2. c4 e6 3. Nc3 Nf6 4. Nf3 c5 5. cxd5 Nxd5 6. e4 Nxc3 7. bxc3 cxd4 8.
cxd4 Bb4+ 9. Bd2 Bxd2+ 10. Qxd2 O-O 11. Rc1 b6 12. Bd3 Ba6 13. O-O Qd7 14. Bxa6
Nxa6 15. Ne5 Qb7 16. d5 Nc5 17. Qd4 Rad8 18. Rfd1 exd5 19. exd5 Rd6 20. Nc4 Rg6
21. Re1 h6 22. Rcd1 Rd8 23. h3 Rg5 24. Ne3 Qd7 25. Qf4 Qa4 26. Qxa4 Nxa4 27. d6
Nc5 28. Nd5 Kf8 29. Ne7 Nb7 30. Nc6 Rxd6 31. Rxd6 Nxd6 32. Rd1 Rg6 33. Nxa7 Re6
34. Nc6 Nb7 35. Nb4 Nc5 36. Rd8+ Ke7 37. Rb8 Kd7 38. Rf8 Ke7 39. Rg8 Re1+ 40.
Kh2 Re2 41. Nd5+ Kd6 42. Nxb6 Ne6 43. Nc4+ Ke7 44. Kg3 Rxa2 45. Ne3 Ra3 46. Kh2
Ra2 47. Kg3 g6 48. Rb8 Ra3 49. Rb7+ Kf6 50. Kh2 Kg7 51. Nc4 Rc3 52. Nd6 Ng5 53.
h4 Rd3 54. Rd7 Ne6 55. Ne8+ Kf8 56. Rxd3 Kxe8 57. Ra3 h5 58. Kg3 Ke7 59. Ra6 Kf6
60. Kf3 Ke5 61. Ra5+ Kf6 62. g3 Nd4+ 63. Ke4 Ne6 64. Ra6 Kg7 65. Ke5 Nf8 66. Rd6
Nh7 67. f3 Nf8 68. g4 hxg4 69. fxg4 Nh7 70. Ra6 Nf8 71. Rd6 Nh7 72. Kf4 Nf8 73.
h5 Ne6+ 74. Ke5 gxh5 75. gxh5 Kh6 76. Kf5 Kxh5 77. Rd1 Kh4 78. Rg1 Nd4+ 79. Ke4
Ne6 80. Ke5 Kh5 81. Kf6 Kh4 82. Kf5 Kh3 83. Rg8 Kh4 84. Kf6 Kh3 85. Kxf7 Nf4 86.
Kf6 Ng2 87. Kf5 Kh2 88. Ke4 Ne1 89. Ke3 Kh3 90. Rg7 Ng2+ 91. Kf3 Nh4+ 92. Kf4
Ng2+ 93. Kf3 Nh4+ 94. Kf2 Nf5 95. Rg5 Nh4 96. Rg8 Nf5 97. Kf3 Nh4+ 98. Kf4 Ng2+
99. Ke4 Nh4 100. Rg7 Ng2 101. Kf5 Nh4+ 102. Kf4 Ng2+ 103. Ke4 Nh4 104. Rg1 Kh2
105. Rg4 Kh3 106. Kf4 Ng2+ 107. Kg5 Ne3 108. Re4 Ng2 109. Ra4 Kg3 110. Ra3+ Kf2
111. Kg4 Ne3+ 112. Kf4 Ng2+ 113. Ke4 Nh4 114. Rh3 Ng2 115. Rf3+ Ke2 116. Rf6 Ne1
117. Re6 Nc2 118. Rd6 Ne1 119. Re6 Nc2 120. Rd6 Ne1 121. Ra6 Nc2 122. Rh6 Kd2
123. Rh2+ Kc3 1/2-1/2

[Event "Mondiale Lampo FIDE 2017"]
[Site "Riyadh"]
[Date "30.12.2017"]
[Round "18.13"]
[White "Khismatullin, Denis"]
[Black "Jobava, Baadur"]
[Result "0-1"]
[WhiteTitle "GM"]
[BlackTitle "GM"]
[WhiteElo "2632"]
[BlackElo "2690"]
[WhiteFideId "4142578"]
[BlackFideId "13601520"]
[EventDate "2017.12.29"]

1. Nf3 d5 2. e3 c6 3. c4 Nf6 4. Nc3 g6 5. d4 Bg7 6. Be2 O-O 7. O-O Nbd7 8. b3
Ne4 9. Bb2 Ndc5 10. Rc1 Nxc3 11. Bxc3 Ne4 12. Bb2 a5 13. cxd5 cxd5 14. Qc2 a4
15. bxa4 Bd7 16. Ne5 Bxa4 17. Qc7 Qd6 18. Qxd6 exd6 19. Nd3 Bb5 20. a3 Bc4 21.
Rfe1 b5 22. Nb4 f5 23. f3 Nf6 24. Kf2 Rfe8 25. Bd3 Re6 26. Bb1 Rae8 27. Bc3 Bh6
28. Bd2 f4 29. Rc3 Bg7 30. Rcc1 fxe3+ 31. Rxe3 Ng4+ 32. fxg4 Bxd4 33. Re1 Bxe3+
34. Rxe3 d4 35. Rxe6 Rxe6 36. Bd3 Kf7 37. h4 Re8 38. h5 Bxd3 39. Nxd3 gxh5 40.
gxh5 Ke6 41. Kf3 Kd5 42. Bb4 Kc4 43. Nb2+ Kb3 44. Nd3 Kc2 45. Ne1+ Kd1 46. Nd3
Re3+ 47. Kf4 Rxd3 48. Ke4 Rg3 49. Kxd4 Rxg2 50. Bxd6 Rg5 51. h6 Rh5 52. Bf8 Kc2
53. Ke4 Kb3 54. Kf4 Ka4 55. Kg4 Rd5 56. Kf4 Rd8 57. Be7 Re8 58. Bb4 Re6 59. Kg5
Rg6+ 60. Kh5 Rg3 61. Bd6 Rxa3 0-1

[Event "Mondiale Lampo FIDE 2017"]
[Site "Riyadh"]
[Date "30.12.2017"]
[Round "18.14"]
[White "Svidler, Peter"]
[Black "Bacrot, Etienne"]
[Result "1-0"]
[WhiteTitle "GM"]
[BlackTitle "GM"]
[WhiteElo "2765"]
[BlackElo "2725"]
[WhiteFideId "4102142"]
[BlackFideId "605506"]
[EventDate "2017.12.29"]

1. Nf3 d5 2. c4 e6 3. g3 Nf6 4. Bg2 Be7 5. O-O O-O 6. Qc2 c5 7. d4 Na6 8. dxc5
Nxc5 9. Rd1 Bd7 10. Ne5 Rc8 11. Nc3 dxc4 12. Nxc4 Qe8 13. Bf4 b5 14. Nd6 Bxd6
15. Bxd6 b4 16. Nd5 Nxd5 17. Bxc5 Ba4 18. b3 Qb5 19. Bxd5 Rxc5 20. bxa4 Rxc2 21.
axb5 exd5 22. Rxd5 Rxe2 23. Rd7 Ra8 24. Rb1 Rxa2 25. Rxb4 g6 26. Rf4 Rf8 27. Rf6
Ra5 28. Rb7 Ra1+ 29. Kg2 Kg7 30. Ra6 Rxa6 31. bxa6 Ra8 32. Kf3 Kf6 33. Ke4 Ke6
34. f4 Rc8 35. Rxa7 Rc2 36. Rb7 Rxh2 37. a7 Ra2 38. Kd4 h5 39. Kc5 Kf5 40. Rxf7+
Kg4 41. Rg7 Kxg3 42. f5 Rxa7 43. Rxa7 gxf5 44. Kd4 h4 45. Rg7+ Kf3 46. Rh7 Kg3
47. Ke3 f4+ 48. Ke2 h3 49. Rg7+ Kh2 50. Kf3 Kh1 51. Kxf4 h2 52. Kg3 Kg1 53. Kh3+
Kh1 54. Ra7 1-0

[Event "Mondiale Lampo FIDE 2017"]
[Site "Riyadh"]
[Date "30.12.2017"]
[Round "18.15"]
[White "Salem, A.R. Saleh"]
[Black "Amonatov, Farrukh"]
[Result "1/2-1/2"]
[WhiteTitle "GM"]
[BlackTitle "GM"]
[WhiteElo "2638"]
[BlackElo "2636"]
[WhiteFideId "9301348"]
[BlackFideId "14700077"]
[EventDate "2017.12.29"]

1. d4 Nf6 2. c4 g6 3. Nc3 Bg7 4. e4 d6 5. h3 O-O 6. Be3 e5 7. d5 a5 8. Bd3 Na6
9. Qd2 c6 10. Nge2 Bd7 11. O-O Rc8 12. f4 cxd5 13. fxe5 dxe5 14. cxd5 Nh5 15.
Bb5 f5 16. exf5 gxf5 17. d6 Kh8 18. Bg5 Qe8 19. a4 Nc5 20. Rad1 f4 21. Be7 Rg8
22. Bc4 Qg6 23. Rf2 Bxh3 24. Bxg8 Rxg8 25. Qd5 b6 26. d7 Nxd7 27. Qd6 Nhf6 28.
Nd5 Bg4 29. Nxf6 Nxf6 30. Re1 f3 31. Ng3 fxg2 32. Qxe5 Nh5 33. Qd6 Nxg3 34. Qxg3
Bd4 35. Bd6 Bxf2+ 36. Kxf2 Qf5+ 37. Kg1 h5 38. Qc3+ Kh7 39. Re7+ Kg6 40. Qc1 Bh3
41. Bf4 Rc8 42. Qe3 Qb1+ 43. Qe1 Qxe1+ 44. Rxe1 Rf8 45. Re4 h4 46. Rd4 Rf5 47.
Kh2 Kf7 48. Be3 Rf3 49. Bg1 Rb3 50. Rxh4 Bd7 51. Rh6 b5 52. axb5 Bxb5 53. Rh7+
Kg6 54. Rh8 Bc6 55. Rd8 Be4 56. Rd4 Kf5 57. Ra4 Rxb2 58. Rxa5+ Kf4 59. Ra7 Rb8
60. Rf7+ Kg4 61. Bd4 Rd8 62. Rg7+ Kf3 63. Rf7+ Ke2 64. Bg1 Rh8+ 65. Kg3 Rg8+ 66.
Kh2 Bf3 67. Re7+ Kd2 68. Rh7 Be4 69. Rh4 Kd3 70. Rh3+ Kd2 71. Be3+ Ke2 72. Bg1
Bf3 73. Rh6 Re8 74. Rh4 Kf1 75. Rh3 Rf8 76. Rh4 Ke2 77. Rh6 Be4 78. Rh4 Kf3 79.
Rh3+ Kg4 80. Rg3+ Kf5 81. Rh3 Rg8 82. Rh4 Ke5 83. Rh5+ Kf4 84. Rh4+ Kf5 85. Rh5+
Kg4 86. Rh3 Re8 87. Rg3+ Kf4 88. Rh3 Kf5 89. Rh4 Rc8 90. Rh3 Kf4 91. Rh4+ Kf5
92. Rh5+ Kg4 93. Rh3 Rc6 94. Rg3+ Kf5 95. Rh3 Rg6 96. Rh5+ Kf4 97. Rh4+ Kf3 98.
Rh3+ Kf4 99. Rh4+ Kf5 100. Rh5+ Ke6 101. Rh4 Kd5 102. Rh5+ Kc4 103. Rh3 Rg7 104.
Rh4 Kd3 105. Rh3+ Kd2 106. Be3+ Ke2 107. Bg1 Bf3 108. Rh6 Kd3 109. Rh3 Ke4 110.
Rh4+ Kf5 111. Rh3 Bg4 112. Rg3 Kf4 113. Be3+ Ke4 114. Kxg2 Bf3+ 115. Kf2 Ke5 1/2-1/2

[Event "Mondiale Lampo FIDE 2017"]
[Site "Riyadh"]
[Date "30.12.2017"]
[Round "18.16"]
[White "Safarli, Eltaj"]
[Black "Amin, Bassem"]
[Result "0-1"]
[WhiteTitle "GM"]
[BlackTitle "GM"]
[WhiteElo "2639"]
[BlackElo "2689"]
[WhiteFideId "13402129"]
[BlackFideId "10601457"]
[EventDate "2017.12.29"]

1. e4 e5 2. Nf3 Nc6 3. Nc3 Nf6 4. a3 g6 5. Bc4 Bg7 6. d3 d6 7. O-O O-O 8. Bg5 h6
9. Be3 Kh7 10. h3 Be6 11. Bxe6 fxe6 12. Ne2 Nh5 13. Ng3 Nf4 14. c3 Qf6 15. Nh2
h5 16. Ne2 Bh6 17. Bxf4 exf4 18. d4 e5 19. Qb3 Rab8 20. Rad1 g5 21. f3 Rg8 22.
dxe5 Nxe5 23. Nd4 g4 24. fxg4 hxg4 25. hxg4 Nxg4 26. Nf5 Ne5 27. Nf3 Ng4 28. Rd5
b6 29. Nxh6 Nxh6 30. e5 Qg6 31. Rf2 Ng4 32. exd6 Nxf2 33. Ng5+ Kh6 34. dxc7 Rbe8
35. Rd6 Nh3+ 36. Kh2 Nxg5 37. Rxg6+ Kxg6 38. Qd5 Rh8+ 39. Kg1 Rc8 40. Qd6+ Kf5
41. Qd5+ Kg4 42. Qd7+ Kg3 43. Qf5 Rhg8 44. Qd5 Rce8 45. Qd3+ f3 46. Qd6+ Kg4 47.
Qd7+ Kf4 48. Qd6+ Kf5 49. Qd5+ Kg4 50. gxf3+ Kg3 51. Qd6+ Kxf3 52. Qf6+ Kg3 53.
Qf2+ Kg4 54. Qg2+ Kf4 55. Qd2+ Kf5 56. Qd5+ Kf6 57. Qd6+ Kf5 58. Qd5+ Kg4 59.
Qg2+ Kh4 60. Qf2+ Kh5 61. Qf5 Ref8 62. Qd5 Kh4 63. Qd4+ Kh3 64. Qd3+ Nf3+ 0-1

[Event "Mondiale Lampo FIDE 2017"]
[Site "Riyadh"]
[Date "30.12.2017"]
[Round "18.17"]
[White "Bu, Xiangzhi"]
[Black "Socko, Bartosz"]
[Result "1-0"]
[WhiteTitle "GM"]
[BlackTitle "GM"]
[WhiteElo "2730"]
[BlackElo "2593"]
[WhiteFideId "8601445"]
[BlackFideId "1107038"]
[EventDate "2017.12.29"]

1. Nf3 Nf6 2. c4 e6 3. Nc3 Bb4 4. Qc2 O-O 5. a3 Bxc3 6. Qxc3 b6 7. e3 Bb7 8. Be2
c5 9. O-O d5 10. b4 Nbd7 11. Bb2 Rc8 12. b5 Qe7 13. a4 Rfd8 14. a5 Nf8 15. Rfd1
Ng6 16. h3 d4 17. exd4 Nf4 18. Qe3 Nxe2+ 19. Qxe2 Bxf3 20. Qxf3 cxd4 21. axb6
axb6 22. d3 e5 23. Re1 e4 24. dxe4 Rxc4 25. e5 Nd5 26. Ba3 Qg5 27. Bd6 Nf4 28.
h4 Qh6 29. Be7 Rc3 30. Ra8 Ne6 31. Bxd8 Rxf3 32. Be7+ 1-0

[Event "Mondiale Lampo FIDE 2017"]
[Site "Riyadh"]
[Date "30.12.2017"]
[Round "18.18"]
[White "Adly, Ahmed"]
[Black "Esipenko, Andrey"]
[Result "1-0"]
[WhiteTitle "GM"]
[BlackTitle "FM"]
[WhiteElo "2637"]
[BlackElo "2564"]
[WhiteFideId "10601619"]
[BlackFideId "24175439"]
[EventDate "2017.12.29"]

1. Nf3 Nf6 2. g3 b5 3. Bg2 Bb7 4. O-O e6 5. d3 d5 6. Nbd2 Nbd7 7. e4 dxe4 8.
dxe4 e5 9. Qe2 a6 10. a4 c6 11. Rd1 Qc7 12. Nb3 g6 13. c4 b4 14. c5 a5 15. Qc2
Ba6 16. h3 h6 17. Be3 Be7 18. Nfd2 Kf8 19. Nc4 Bxc4 20. Qxc4 Kg7 21. Rd3 Nf8 22.
f4 Nh5 23. fxe5 Nxg3 24. Rd6 Nh5 25. Rf1 Bg5 26. Bxg5 hxg5 27. Nd4 Nf4 28. e6
N8xe6 29. Nxe6+ fxe6 30. Qd4+ e5 31. Qxe5+ Kh7 32. Qxg5 Ne2+ 33. Kf2 Nf4 34. Kg1
Ne2+ 35. Kh1 Rhg8 36. Rff6 Qe7 37. Qh4+ Kg7 38. Rxg6+ Kf7 39. Qh7+ 1-0

[Event "Mondiale Lampo FIDE 2017"]
[Site "Riyadh"]
[Date "30.12.2017"]
[Round "18.19"]
[White "Quparadze, Giga"]
[Black "Le, Quang Liem"]
[Result "1/2-1/2"]
[WhiteTitle "GM"]
[BlackTitle "GM"]
[WhiteElo "2506"]
[BlackElo "2737"]
[WhiteFideId "13602250"]
[BlackFideId "12401137"]
[EventDate "2017.12.29"]

1. e4 e6 2. d4 d5 3. Nd2 c5 4. Ngf3 cxd4 5. Nxd4 Nc6 6. Bb5 Bd7 7. Nxc6 bxc6 8.
Bd3 Bd6 9. Nf3 Ne7 10. Qe2 Ng6 11. e5 Bc7 12. h4 Qb8 13. Bxg6 hxg6 14. O-O c5
15. b3 Bc6 16. c3 Bb5 17. c4 Bc6 18. Ba3 Bb6 19. cxd5 Bxd5 20. Qb5+ Kf8 21.
Bxc5+ Kg8 22. Bxb6 Bxf3 23. gxf3 Rxh4 24. Rfd1 axb6 25. Rd6 Qb7 26. Qc6 Qxc6 27.
Rxc6 Rb4 28. Rc3 g5 29. a4 Kh7 30. Rd1 Kg6 31. Rd7 Ra5 32. Re3 Rc5 33. Kg2 Rc1
34. Red3 Re1 35. R7d4 Rxd4 36. Rxd4 b5 37. axb5 Rxe5 38. Rb4 Rd5 39. b6 Rd8 40.
b7 Rb8 41. Kg3 Kf5 42. f4 gxf4+ 43. Rxf4+ Kg6 44. Rb4 Kf5 45. Rb5+ Kf6 46. Kf4
Ke7 47. Ke5 Kd7 48. Rb4 Kc6 49. Rc4+ Kd7 50. Rd4+ Kc7 51. Rc4+ Kd7 52. Rd4+ Kc7
53. Rc4+ Kd7 54. Rd4+ Kc7 55. Rc4+ 1/2-1/2

[Event "Mondiale Lampo FIDE 2017"]
[Site "Riyadh"]
[Date "30.12.2017"]
[Round "18.20"]
[White "Kryvoruchko, Yuriy"]
[Black "Kravtsiv, Martyn"]
[Result "1-0"]
[WhiteTitle "GM"]
[BlackTitle "GM"]
[WhiteElo "2689"]
[BlackElo "2672"]
[WhiteFideId "14109182"]
[BlackFideId "14113147"]
[EventDate "2017.12.29"]

1. e4 e5 2. Nf3 Nc6 3. Bb5 a6 4. Ba4 Nf6 5. O-O Be7 6. Nc3 b5 7. Bb3 d6 8. h3
O-O 9. a4 b4 10. Nd5 Na5 11. Ba2 Nxd5 12. Bxd5 c6 13. Ba2 c5 14. Bd5 Rb8 15. c3
Be6 16. Bxe6 fxe6 17. d4 bxc3 18. bxc3 exd4 19. cxd4 Nb3 20. Rb1 Nxd4 21. Nxd4
cxd4 22. Rxb8 Qxb8 23. Qxd4 Rc8 24. Be3 Bf8 25. Qd3 Rc6 26. Rb1 Qc7 27. Qb3 Kf7
28. Qd1 Be7 29. Qh5+ Kg8 30. Qe8+ Bf8 31. Rb8 Rc1+ 32. Kh2 1-0

[Event "Mondiale Lampo FIDE 2017"]
[Site "Riyadh"]
[Date "30.12.2017"]
[Round "18.21"]
[White "Bosiocic, Marin"]
[Black "Wang, Yue"]
[Result "0-1"]
[WhiteTitle "GM"]
[BlackTitle "GM"]
[WhiteElo "2624"]
[BlackElo "2690"]
[WhiteFideId "14507927"]
[BlackFideId "8601429"]
[EventDate "2017.12.29"]

1. e4 e5 2. Nf3 Nf6 3. Nxe5 d6 4. Nf3 Nxe4 5. d4 d5 6. Bd3 Nd6 7. O-O Be7 8. Bf4
O-O 9. Nbd2 Nd7 10. c3 Re8 11. Qc2 Nf8 12. Rae1 Ng6 13. Bg3 Be6 14. Re2 c6 15.
Rfe1 Nf8 16. h4 h6 17. Re3 Bf6 18. Bf4 Qd7 19. Ne5 Bxe5 20. Bxe5 Nf5 21. Rf3
Nxh4 22. Rg3 Nhg6 23. f4 Bg4 24. Nf3 Bxf3 25. gxf3 Nxe5 26. fxe5 f6 27. f4 fxe5
28. fxe5 Ne6 29. Bf5 Qe7 30. Bxe6+ Qxe6 31. Re2 Re7 32. Rg6 Qh3 33. Rf2 Rf8 34.
Rd6 Qg3+ 35. Rg2 Qe1+ 36. Kh2 Qh4+ 37. Kg1 Ref7 38. Qe2 Rf4 39. Rdg6 Re4 40.
Rxg7+ Kh8 41. R7g4 Rxe2 42. Rxh4 Re1+ 43. Kh2 Kh7 44. Rhg4 Rf7 45. Rg1 Re2+ 46.
R4g2 Re4 47. Kh3 c5 48. Rg4 Re3+ 49. R1g3 Re1 50. Rg2 Re3+ 51. Kh4 cxd4 52. cxd4
Re1 53. Rg6 Rh1+ 54. Kg3 Kxg6 0-1

[Event "Mondiale Lampo FIDE 2017"]
[Site "Riyadh"]
[Date "30.12.2017"]
[Round "18.22"]
[White "Laznicka, Viktor"]
[Black "Fedoseev, Vladimir3"]
[Result "1/2-1/2"]
[WhiteTitle "GM"]
[BlackTitle "GM"]
[WhiteElo "2647"]
[BlackElo "2718"]
[WhiteFideId "316385"]
[BlackFideId "24130737"]
[EventDate "2017.12.29"]

1. d4 Nf6 2. Nf3 g6 3. Bf4 Bg7 4. e3 O-O 5. h3 d6 6. Be2 Nc6 7. Bh2 a5 8. O-O e5
9. dxe5 dxe5 10. Nxe5 Qe7 11. Nxc6 bxc6 12. Nc3 Rd8 13. Qc1 Rb8 14. Rb1 Bf5 15.
Rd1 Ne4 16. Nxe4 Bxe4 17. Bd3 Bd5 18. c4 Bxg2 19. Kxg2 Rxd3 20. Rxd3 Qe4+ 21.
Kg1 Qxd3 22. Bxc7 Rb7 23. Bg3 Bc3 24. b3 Rd7 25. Qf1 Qd2 26. a4 h5 27. Qg2 c5
28. Qe4 Kh7 29. Kg2 Bg7 30. Qc6 Qd3 31. Rf1 Bf8 32. h4 Be7 33. Re1 Kg8 34. e4
Rd8 35. Re3 Qd1 36. Qc7 Rd7 37. Qxa5 g5 38. Qe1 Qg4 39. f3 Qe6 40. hxg5 Bxg5 41.
f4 Bd8 42. f5 Qh6 43. Qe2 h4 44. Qg4+ Kf8 45. Bf4 Rd2+ 46. Kh3 Qf6 47. e5 Qc6
48. Rf3 Re2 49. f6 Qe6 50. Qxe6 fxe6 51. Kxh4 Bc7 52. Kg4 Re4 53. Kg3 Kf7 54.
Kg2 Kg6 55. Bg3 Kf7 56. Rf1 Re3 57. Rf3 Re2+ 58. Kf1 Re4 59. Kf2 Bxe5 60. Bxe5
Rxe5 61. Kf1 Rh5 62. Ke2 Rh2+ 63. Kd3 Ra2 64. Kc3 Ra1 65. Rf2 e5 66. Kb2 Rd1 67.
a5 Rd6 68. Kc3 Ra6 69. b4 cxb4+ 70. Kxb4 e4 71. Kb5 Rxf6 72. Re2 Ke7 73. a6 Rf1
74. Rxe4+ Kd7 75. Rh4 Rb1+ 76. Kc5 Kc7 77. Rh7+ Kb8 78. Kc6 Ka8 79. c5 Ra1 80.
Kb6 Rb1+ 81. Kc7 Ka7 82. c6 Kxa6 83. Kc8 Rg1 84. c7 Ka7 85. Kd8 Rg8+ 86. Kd7 Kb7
87. Re7 Rh8 88. Rf7 Rg8 89. Rh7 Rf8 90. Rh4 Rf7+ 91. Kd8 Rf8+ 92. Ke7 Rc8 93.
Kd6 Rxc7 94. Rb4+ 1/2-1/2